[Event "Gibraltar Masters 18th"]
[Site "Gibraltar"]
[Date "2020.01.29"]
[Round "9.35"]
[White "Atalik, Ekaterina"]
[Black "Tregubov, Pavel V"]
[Result "1/2-1/2"]
[WhiteElo "2450"]
[BlackElo "2588"]
[PlyCount "86"]
[EventDate "2020.01.21"]
[EventType "swiss"]
[EventRounds "10"]
[EventCountry "GGB"]
[SourceTitle "BritBase"]
[Source "John Saunders"]
[SourceDate "2021.06.05"]
[SourceVersion "1"]
[SourceVersionDate "2021.06.05"]
[SourceQuality "1"]
[TimeControl "40/100:0"]
[WhiteClock "0:04:21"]
[BlackClock "0:25:03"]

1. d4 {[%emt 0:00:00]} Nf6 {[%emt 0:00:00]} 2. Nf3 {[%emt 0:00:00]} d5 {
[%emt 0:00:00]} 3. g3 {[%emt 0:00:00]} c5 {[%emt 0:00:00]} 4. Bg2 {[%emt 0:00:
00]} cxd4 {[%emt 0:00:00]} 5. O-O {[%emt 0:00:00]} Nc6 {[%emt 0:00:00]} 6. Nxd4
{[%emt 0:00:00]} e5 {[%emt 0:00:00]} 7. Nxc6 {[%emt 0:00:00]} bxc6 {[%emt 0:00:
00]} 8. c4 {[%emt 0:00:00]} Be6 {[%emt 0:00:00]} 9. Nc3 {[%emt 0:00:00]} Rc8 {
[%emt 0:00:00]} 10. cxd5 {[%emt 0:00:00]} cxd5 {[%emt 0:00:00]} 11. Qa4+ {
[%emt 0:00:00]} Qd7 {[%emt 0:00:00]} 12. Qxd7+ {[%emt 0:00:00]} Kxd7 {[%emt 0:
00:00]} 13. Rd1 {[%emt 0:00:00]} Bc5 {[%emt 0:00:00]} 14. Nxd5 {[%emt 0:00:00]}
Bxd5 {[%emt 0:00:00]} 15. Bxd5 {[%emt 0:00:00]} Nxd5 {[%emt 0:00:00]} 16. Rxd5+
{[%emt 0:00:00]} Ke6 {[%emt 0:00:00]} 17. Rd1 {[%emt 0:00:00]} Rhd8 {[%emt 0:
00:00]} 18. Rxd8 {[%emt 0:00:00]} Rxd8 {[%emt 0:00:00]} 19. Bg5 {[%emt 0:00:00]
} f6 {[%emt 0:00:00]} 20. Rc1 {[%emt 0:00:00]} Bb6 {[%emt 0:00:00]} 21. Be3 {
[%emt 0:00:00]} Bxe3 {[%emt 0:00:00]} 22. fxe3 {[%emt 0:00:00]} Rd2 {[%emt 0:
00:00]} 23. Kf2 {[%emt 0:00:00]} Rxb2 {[%emt 0:00:00]} 24. Rc6+ {[%emt 0:00:00]
} Kf5 {[%emt 0:00:00]} 25. Ra6 {[%emt 0:00:00]} Rb7 {[%emt 0:00:00]} 26. Ra4 {
[%emt 0:00:00]} h5 {[%emt 0:00:00]} 27. Kf3 {[%emt 0:00:00]} g5 {[%emt 0:00:00]
} 28. h3 {[%emt 0:00:00]} Rd7 {[%emt 0:00:00]} 29. g4+ {[%emt 0:00:00]} Kg6 {
[%emt 0:00:00]} 30. Ra6 {[%emt 0:00:00]} h4 {[%emt 0:00:00]} 31. a4 {[%emt 0:
00:00]} Rd1 {[%emt 0:00:00]} 32. Rxa7 {[%emt 0:00:00]} Rg1 {[%emt 0:00:00]} 33.
Rb7 {[%emt 0:00:00]} Rg3+ {[%emt 0:00:00]} 34. Kf2 {[%emt 0:00:00]} Rxh3 {
[%emt 0:00:00]} 35. Rb1 {[%emt 0:00:00]} Rh2+ {[%emt 0:00:00]} 36. Kf3 {
[%emt 0:00:00]} e4+ {[%emt 0:00:00]} 37. Kxe4 {[%emt 0:00:00]} Rg2 {[%emt 0:00:
00]} 38. Ra1 {[%emt 0:00:00]} h3 {[%emt 0:00:00]} 39. a5 {[%emt 0:00:00]} h2 {
[%emt 0:00:00]} 40. Rh1 {[%emt 0:00:00]} Rxg4+ {[%emt 0:00:00]} 41. Kf3 {
[%emt 0:00:00]} Ra4 {[%emt 0:00:00]} 42. Rxh2 {[%emt 0:00:00]} Rxa5 {[%emt 0:
00:00]} 43. e4 {[%emt 0:00:00]} Ra3+ {[%emt 0:00:00]} 1/2-1/2

[Event "Gibraltar Masters 18th"]
[Site "Gibraltar"]
[Date "2020.01.29"]
[Round "9.36"]
[White "Horvath, Dominik"]
[Black "Lalith, Babu M R"]
[Result "1/2-1/2"]
[WhiteElo "2449"]
[BlackElo "2558"]
[PlyCount "61"]
[EventDate "2020.01.21"]
[EventType "swiss"]
[EventRounds "10"]
[EventCountry "GGB"]
[SourceTitle "BritBase"]
[Source "John Saunders"]
[SourceDate "2021.06.05"]
[SourceVersion "1"]
[SourceVersionDate "2021.06.05"]
[SourceQuality "1"]
[TimeControl "40/100:0"]
[WhiteClock "0:53:45"]
[BlackClock "1:00:46"]

1. d4 {[%emt 0:00:00]} Nf6 {[%emt 0:00:00]} 2. c4 {[%emt 0:00:00]} e6 {[%emt 0:
00:00]} 3. g3 {[%emt 0:00:00]} c5 {[%emt 0:00:00]} 4. Nf3 {[%emt 0:00:00]} cxd4
{[%emt 0:00:00]} 5. Nxd4 {[%emt 0:00:00]} d5 {[%emt 0:00:00]} 6. Bg2 {[%emt 0:
00:00]} e5 {[%emt 0:00:00]} 7. Nf3 {[%emt 0:00:00]} d4 {[%emt 0:00:00]} 8. O-O
{[%emt 0:00:00]} Nc6 {[%emt 0:00:00]} 9. e3 {[%emt 0:00:00]} Bc5 {[%emt 0:00:
00]} 10. exd4 {[%emt 0:00:00]} exd4 {[%emt 0:00:00]} 11. Re1+ {[%emt 0:00:00]}
Be6 {[%emt 0:00:00]} 12. Ng5 {[%emt 0:00:00]} O-O {[%emt 0:00:00]} 13. Nxe6 {
[%emt 0:00:00]} fxe6 {[%emt 0:00:00]} 14. Nd2 {[%emt 0:00:00]} Qd6 {[%emt 0:00:
00]} 15. Ne4 {[%emt 0:00:00]} Nxe4 {[%emt 0:00:00]} 16. Bxe4 {[%emt 0:00:00]}
e5 {[%emt 0:00:00]} 17. a3 {[%emt 0:00:00]} Qf6 {[%emt 0:00:00]} 18. Rf1 {
[%emt 0:00:00]} a5 {[%emt 0:00:58]} 19. Qd3 {[%emt 0:00:00]} h6 {[%emt 0:00:00]
} 20. h4 {[%emt 0:00:00]} a4 {[%emt 0:00:00]} 21. Kg2 {[%emt 0:00:00]} Na5 {
[%emt 0:00:00]} 22. Bd2 {[%emt 0:00:00]} Nb3 {[%emt 0:00:00]} 23. Rae1 {
[%emt 0:00:00]} Nxd2 {[%emt 0:00:00]} 24. Qxd2 {[%emt 0:00:00]} Ra6 {[%emt 0:
00:00]} 25. f4 {[%emt 0:00:00]} exf4 {[%emt 0:00:00]} 26. Rxf4 {[%emt 0:00:00]}
Qd8 {[%emt 0:00:00]} 27. Rxf8+ {[%emt 0:00:00]} Qxf8 {[%emt 0:00:00]} 28. Rf1 {
[%emt 0:00:00]} Rf6 {[%emt 0:00:00]} 29. Rxf6 {[%emt 0:00:00]} Qxf6 {[%emt 0:
00:00]} 30. Bxb7 {[%emt 0:00:00]} Bd6 {[%emt 0:00:00]} 31. Bd5+ {[%emt 0:00:00]
} 1/2-1/2

[Event "Gibraltar Masters 18th"]
[Site "Gibraltar"]
[Date "2020.01.29"]
[Round "9.37"]
[White "Kobo, Ori"]
[Black "Ali Marandi, Cemil Can"]
[Result "1/2-1/2"]
[WhiteElo "2445"]
[BlackElo "2546"]
[PlyCount "60"]
[EventDate "2020.01.21"]
[EventType "swiss"]
[EventRounds "10"]
[EventCountry "GGB"]
[SourceTitle "BritBase"]
[Source "John Saunders"]
[SourceDate "2021.06.05"]
[SourceVersion "1"]
[SourceVersionDate "2021.06.05"]
[SourceQuality "1"]
[TimeControl "40/100:0"]
[WhiteClock "0:18:11"]
[BlackClock "0:43:00"]

1. d4 {[%emt 0:00:00]} d5 {[%emt 0:00:00]} 2. c4 {[%emt 0:00:00]} e6 {[%emt 0:
00:00]} 3. Nf3 {[%emt 0:00:00]} Nf6 {[%emt 0:00:00]} 4. g3 {[%emt 0:00:00]}
Bb4+ {[%emt 0:00:00]} 5. Nc3 {[%emt 0:00:00]} dxc4 {[%emt 0:00:00]} 6. Bg2 {
[%emt 0:00:00]} O-O {[%emt 0:00:00]} 7. O-O {[%emt 0:00:00]} Nc6 {[%emt 0:00:
00]} 8. Qa4 {[%emt 0:00:00]} Nd5 {[%emt 0:00:00]} 9. Qc2 {[%emt 0:00:00]} Be7 {
[%emt 0:00:00]} 10. Rd1 {[%emt 0:00:00]} Rb8 {[%emt 0:00:00]} 11. e4 {[%emt 0:
00:00]} Ncb4 {[%emt 0:00:00]} 12. Qe2 {[%emt 0:00:00]} Nxc3 {[%emt 0:00:00]}
13. bxc3 {[%emt 0:00:00]} Nd3 {[%emt 0:00:00]} 14. Ne5 {[%emt 0:00:00]} Nxc1 {
[%emt 0:00:00]} 15. Raxc1 {[%emt 0:00:00]} c5 {[%emt 0:00:00]} 16. Qxc4 {
[%emt 0:00:00]} Qc7 {[%emt 0:00:00]} 17. a4 {[%emt 0:00:00]} b6 {[%emt 0:00:00]
} 18. f4 {[%emt 0:00:00]} Bb7 {[%emt 0:00:00]} 19. d5 {[%emt 0:00:00]} exd5 {
[%emt 0:00:00]} 20. exd5 {[%emt 0:00:00]} Rbd8 {[%emt 0:00:00]} 21. a5 {
[%emt 0:00:00]} bxa5 {[%emt 0:00:00]} 22. Rb1 {[%emt 0:00:00]} Bd6 {[%emt 0:00:
00]} 23. Nc6 {[%emt 0:00:00]} Rde8 {[%emt 0:00:00]} 24. Nxa7 {[%emt 0:00:00]}
Bc8 {[%emt 0:00:00]} 25. Nxc8 {[%emt 0:00:00]} Rxc8 {[%emt 0:00:00]} 26. Qa4 {
[%emt 0:00:00]} Rb8 {[%emt 0:00:00]} 27. Re1 {[%emt 0:00:00]} g6 {[%emt 0:00:
00]} 28. Rxb8 {[%emt 0:00:00]} Rxb8 {[%emt 0:00:00]} 29. Re8+ {[%emt 0:00:00]}
Rxe8 {[%emt 0:00:00]} 30. Qxe8+ {[%emt 0:00:00]} Kg7 {[%emt 0:00:00]} 1/2-1/2

[Event "Gibraltar Masters 18th"]
[Site "Gibraltar"]
[Date "2020.01.29"]
[Round "9.39"]
[White "Hjartarson, Johann"]
[Black "Sukandar, Irine Kharisma"]
[Result "1/2-1/2"]
[WhiteElo "2524"]
[BlackElo "2402"]
[PlyCount "85"]
[EventDate "2020.01.21"]
[EventType "swiss"]
[EventRounds "10"]
[EventCountry "GGB"]
[SourceTitle "BritBase"]
[Source "John Saunders"]
[SourceDate "2021.06.05"]
[SourceVersion "1"]
[SourceVersionDate "2021.06.05"]
[SourceQuality "1"]
[TimeControl "40/100:0"]
[WhiteClock "0:31:39"]
[BlackClock "0:37:45"]

1. c4 {[%emt 0:00:00]} e6 {[%emt 0:00:00]} 2. Nc3 {[%emt 0:00:00]} d5 {[%emt 0:
00:00]} 3. d4 {[%emt 0:00:00]} Nf6 {[%emt 0:00:00]} 4. cxd5 {[%emt 0:00:00]}
exd5 {[%emt 0:00:00]} 5. Bg5 {[%emt 0:00:00]} Be7 {[%emt 0:00:00]} 6. e3 {
[%emt 0:00:00]} O-O {[%emt 0:00:00]} 7. Bd3 {[%emt 0:00:00]} h6 {[%emt 0:00:00]
} 8. Bh4 {[%emt 0:00:00]} b6 {[%emt 0:00:00]} 9. Nge2 {[%emt 0:00:00]} a5 {
[%emt 0:00:00]} 10. O-O {[%emt 0:00:00]} Ba6 {[%emt 0:00:00]} 11. Rc1 {[%emt 0:
00:00]} Re8 {[%emt 0:00:00]} 12. f3 {[%emt 0:00:00]} c6 {[%emt 0:00:00]} 13. a3
{[%emt 0:00:00]} Ng4 {[%emt 0:00:00]} 14. fxg4 {[%emt 0:00:00]} Bxh4 {[%emt 0:
00:00]} 15. e4 {[%emt 0:00:00]} Bg5 {[%emt 0:00:00]} 16. Rc2 {[%emt 0:00:00]}
dxe4 {[%emt 0:00:00]} 17. Nxe4 {[%emt 0:00:00]} Ra7 {[%emt 0:00:00]} 18. Nxg5 {
[%emt 0:00:00]} Bxd3 {[%emt 0:00:00]} 19. Qxd3 {[%emt 0:00:00]} Qxg5 {[%emt 0:
00:00]} 20. Ng3 {[%emt 0:00:00]} Rae7 {[%emt 0:00:00]} 21. Nf5 {[%emt 0:00:00]}
Re1 {[%emt 0:00:00]} 22. Qf3 {[%emt 0:00:00]} Rxf1+ {[%emt 0:00:00]} 23. Kxf1 {
[%emt 0:00:00]} Qf6 {[%emt 0:00:00]} 24. h3 {[%emt 0:00:00]} Kh7 {[%emt 0:00:
00]} 25. Rf2 {[%emt 0:00:00]} Nd7 {[%emt 0:00:00]} 26. Qd3 {[%emt 0:00:00]} Kh8
{[%emt 0:00:00]} 27. Qg3 {[%emt 0:00:00]} Qe6 {[%emt 0:00:00]} 28. Kg1 {
[%emt 0:00:00]} Nf6 {[%emt 0:00:00]} 29. Rf1 {[%emt 0:00:00]} a4 {[%emt 0:00:
00]} 30. Rc1 {[%emt 0:00:00]} Ne4 {[%emt 0:00:00]} 31. Qc7 {[%emt 0:00:00]} c5
{[%emt 0:00:00]} 32. dxc5 {[%emt 0:00:00]} Nxc5 {[%emt 0:00:00]} 33. Kh1 {
[%emt 0:00:00]} Rc8 {[%emt 0:00:29]} 34. Qg3 {[%emt 0:00:00]} Re8 {[%emt 0:00:
00]} 35. Kh2 {[%emt 0:00:00]} Kh7 {[%emt 0:00:00]} 36. Qc3 {[%emt 0:00:00]}
Qe5+ {[%emt 0:00:14]} 37. Qxe5 {[%emt 0:00:00]} Rxe5 {[%emt 0:00:00]} 38. Rc2 {
[%emt 0:00:00]} h5 {[%emt 0:00:00]} 39. Nd6 {[%emt 0:00:00]} hxg4 {[%emt 0:00:
00]} 40. hxg4 {[%emt 0:00:55]} Rd5 {[%emt 0:00:00]} 41. Nc8 {[%emt 0:00:00]}
Nd7 {[%emt 0:00:00]} 42. Rc4 {[%emt 0:00:00]} Rb5 {[%emt 0:00:00]} 43. Rxa4 {
[%emt 0:00:00]} 1/2-1/2

[Event "Gibraltar Masters 18th"]
[Site "Gibraltar"]
[Date "2020.01.29"]
[Round "9.40"]
[White "Sardana, Rishi"]
[Black "Kozak, Adam"]
[Result "1/2-1/2"]
[WhiteElo "2437"]
[BlackElo "2523"]
[PlyCount "133"]
[EventDate "2020.01.21"]
[EventType "swiss"]
[EventRounds "10"]
[EventCountry "GGB"]
[SourceTitle "BritBase"]
[Source "John Saunders"]
[SourceDate "2021.06.05"]
[SourceVersion "1"]
[SourceVersionDate "2021.06.05"]
[SourceQuality "1"]
[TimeControl "40/100:0"]
[WhiteClock "0:53:08"]
[BlackClock "0:43:38"]

1. Nf3 {[%emt 0:00:00]} c5 {[%emt 0:00:00]} 2. c4 {[%emt 0:00:00]} Nc6 {
[%emt 0:00:00]} 3. Nc3 {[%emt 0:00:00]} e5 {[%emt 0:00:00]} 4. e3 {[%emt 0:00:
00]} f5 {[%emt 0:00:00]} 5. d4 {[%emt 0:00:00]} e4 {[%emt 0:00:00]} 6. d5 {
[%emt 0:00:00]} exf3 {[%emt 0:00:00]} 7. dxc6 {[%emt 0:00:00]} dxc6 {[%emt 0:
00:00]} 8. Qxd8+ {[%emt 0:00:00]} Kxd8 {[%emt 0:00:00]} 9. gxf3 {[%emt 0:00:00]
} Nf6 {[%emt 0:00:00]} 10. b3 {[%emt 0:00:00]} Bd6 {[%emt 0:00:00]} 11. Bb2 {
[%emt 0:00:00]} Ke7 {[%emt 0:00:00]} 12. O-O-O {[%emt 0:00:00]} Be6 {[%emt 0:
00:00]} 13. f4 {[%emt 0:00:00]} Rad8 {[%emt 0:00:00]} 14. Bg2 {[%emt 0:00:00]}
Bf7 {[%emt 0:00:00]} 15. Bf3 {[%emt 0:00:00]} Rhg8 {[%emt 0:00:00]} 16. Rhg1 {
[%emt 0:00:00]} g6 {[%emt 0:00:00]} 17. Ba3 {[%emt 0:00:00]} Rc8 {[%emt 0:00:
00]} 18. Rd2 {[%emt 0:00:00]} b6 {[%emt 0:00:00]} 19. Rgd1 {[%emt 0:00:00]} Bb8
{[%emt 0:00:00]} 20. Na4 {[%emt 0:00:00]} Be6 {[%emt 0:00:00]} 21. h4 {[%emt 0:
00:00]} h5 {[%emt 0:00:00]} 22. Nc3 {[%emt 0:00:00]} Ng4 {[%emt 0:00:00]} 23.
Bb2 {[%emt 0:00:00]} Rgd8 {[%emt 0:00:00]} 24. a4 {[%emt 0:00:00]} Rxd2 {
[%emt 0:00:00]} 25. Rxd2 {[%emt 0:00:00]} a5 {[%emt 0:00:00]} 26. Nd1 {[%emt 0:
00:00]} Bd6 {[%emt 0:00:00]} 27. Kc2 {[%emt 0:00:00]} Bd7 {[%emt 0:00:00]} 28.
Bh1 {[%emt 0:00:00]} Ke6 {[%emt 0:00:00]} 29. f3 {[%emt 0:00:00]} Nh6 {[%emt 0:
00:00]} 30. Rg2 {[%emt 0:00:00]} Rg8 {[%emt 0:00:00]} 31. Nf2 {[%emt 0:00:00]}
Be7 {[%emt 0:00:00]} 32. Rh2 {[%emt 0:00:00]} Nf7 {[%emt 0:00:06]} 33. Nd3 {
[%emt 0:00:00]} Kd6 {[%emt 0:00:33]} 34. Bc3 {[%emt 0:00:00]} Be6 {[%emt 0:00:
08]} 35. Be1 {[%emt 0:00:00]} Bf6 {[%emt 0:00:00]} 36. Rg2 {[%emt 0:00:00]} Ke7
{[%emt 0:00:00]} 37. Rh2 {[%emt 0:00:00]} Kf8 {[%emt 0:00:18]} 38. Bc3 {
[%emt 0:00:00]} Ke7 {[%emt 0:00:01]} 39. Ne5 {[%emt 0:00:00]} Nxe5 {[%emt 0:00:
01]} 40. fxe5 {[%emt 0:00:00]} Bg7 {[%emt 0:00:00]} 41. f4 {[%emt 0:00:00]} Rc8
{[%emt 0:00:00]} 42. Rd2 {[%emt 0:00:00]} Kf7 {[%emt 0:00:00]} 43. Rd6 {
[%emt 0:00:00]} Bf8 {[%emt 0:00:00]} 44. Rxc6 {[%emt 0:00:00]} Rxc6 {[%emt 0:
00:00]} 45. Bxc6 {[%emt 0:00:00]} Be7 {[%emt 0:00:00]} 46. Be1 {[%emt 0:00:00]}
Bd8 {[%emt 0:00:00]} 47. Kd3 {[%emt 0:00:00]} Ke7 {[%emt 0:00:00]} 48. Bd5 {
[%emt 0:00:00]} Kf7 {[%emt 0:00:00]} 49. Ke2 {[%emt 0:00:00]} Ke7 {[%emt 0:00:
00]} 50. Kf3 {[%emt 0:00:00]} Kf7 {[%emt 0:00:00]} 51. Kg3 {[%emt 0:00:00]} Ke7
{[%emt 0:00:00]} 52. Bd2 {[%emt 0:00:00]} Kf7 {[%emt 0:00:00]} 53. Bc1 {
[%emt 0:00:00]} Ke7 {[%emt 0:00:00]} 54. e4 {[%emt 0:00:00]} Kf7 {[%emt 0:00:
00]} 55. exf5 {[%emt 0:00:00]} gxf5 {[%emt 0:00:00]} 56. Be3 {[%emt 0:00:00]}
Be7 {[%emt 0:00:00]} 57. Bf2 {[%emt 0:00:00]} Bf8 {[%emt 0:00:00]} 58. Kf3 {
[%emt 0:00:00]} Be7 {[%emt 0:00:00]} 59. Ke2 {[%emt 0:00:00]} Bf8 {[%emt 0:00:
00]} 60. Kd3 {[%emt 0:00:00]} Be7 {[%emt 0:00:00]} 61. Kc2 {[%emt 0:00:00]} Bf8
{[%emt 0:00:00]} 62. Bf3 {[%emt 0:00:00]} Kg6 {[%emt 0:00:00]} 63. Bc6 {
[%emt 0:00:00]} Kf7 {[%emt 0:00:00]} 64. Bd5 {[%emt 0:00:00]} Be7 {[%emt 0:00:
00]} 65. Bc6 {[%emt 0:00:00]} Bf8 {[%emt 0:00:00]} 66. Bf3 {[%emt 0:00:00]} Kg6
{[%emt 0:00:00]} 67. Kb2 {[%emt 0:00:00]} 1/2-1/2

[Event "Gibraltar Masters 18th"]
[Site "Gibraltar"]
[Date "2020.01.29"]
[Round "9.41"]
[White "Haug, Johannes"]
[Black "Krysa, Leandro"]
[Result "1/2-1/2"]
[WhiteElo "2407"]
[BlackElo "2522"]
[PlyCount "72"]
[EventDate "2020.01.21"]
[EventType "swiss"]
[EventRounds "10"]
[EventCountry "GGB"]
[SourceTitle "BritBase"]
[Source "John Saunders"]
[SourceDate "2021.06.05"]
[SourceVersion "1"]
[SourceVersionDate "2021.06.05"]
[SourceQuality "1"]
[TimeControl "40/100:0"]
[WhiteClock "0:01:46"]
[BlackClock "0:06:22"]

1. d4 {[%emt 0:00:00]} Nf6 {[%emt 0:00:00]} 2. c4 {[%emt 0:00:00]} e6 {[%emt 0:
00:00]} 3. Nf3 {[%emt 0:00:00]} d5 {[%emt 0:00:00]} 4. Nc3 {[%emt 0:00:00]} c5
{[%emt 0:00:00]} 5. cxd5 {[%emt 0:00:00]} Nxd5 {[%emt 0:00:00]} 6. e4 {[%emt 0:
00:00]} Nxc3 {[%emt 0:00:00]} 7. bxc3 {[%emt 0:00:00]} cxd4 {[%emt 0:00:00]} 8.
cxd4 {[%emt 0:00:00]} Bb4+ {[%emt 0:00:00]} 9. Bd2 {[%emt 0:00:00]} Bxd2+ {
[%emt 0:00:00]} 10. Qxd2 {[%emt 0:00:00]} O-O {[%emt 0:00:00]} 11. Bc4 {
[%emt 0:00:00]} Nd7 {[%emt 0:00:00]} 12. O-O {[%emt 0:00:00]} b6 {[%emt 0:00:
00]} 13. Rfe1 {[%emt 0:00:00]} Bb7 {[%emt 0:00:00]} 14. Rad1 {[%emt 0:00:00]}
Rc8 {[%emt 0:00:00]} 15. Bb3 {[%emt 0:00:00]} h6 {[%emt 0:00:00]} 16. h3 {
[%emt 0:00:00]} Qf6 {[%emt 0:00:00]} 17. Re3 {[%emt 0:00:00]} Rfd8 {[%emt 0:00:
00]} 18. Qe2 {[%emt 0:00:00]} Qf4 {[%emt 0:00:00]} 19. e5 {[%emt 0:00:00]} Nf8
{[%emt 0:00:00]} 20. Bc2 {[%emt 0:00:00]} Rc7 {[%emt 0:00:00]} 21. Bb1 {
[%emt 0:00:00]} Rcd7 {[%emt 0:00:00]} 22. g3 {[%emt 0:00:00]} Bxf3 {[%emt 0:00:
00]} 23. Rxf3 {[%emt 0:00:00]} Qg5 {[%emt 0:00:00]} 24. Rf4 {[%emt 0:00:00]}
Qe7 {[%emt 0:00:00]} 25. Qe3 {[%emt 0:00:00]} Rd5 {[%emt 0:00:00]} 26. Bc2 {
[%emt 0:00:00]} Ng6 {[%emt 0:00:00]} 27. Bxg6 {[%emt 0:00:00]} fxg6 {[%emt 0:
00:00]} 28. h4 {[%emt 0:00:00]} g5 {[%emt 0:00:00]} 29. hxg5 {[%emt 0:00:00]}
Qxg5 {[%emt 0:00:00]} 30. Rc1 {[%emt 0:00:00]} Qe7 {[%emt 0:00:00]} 31. Rg4 {
[%emt 0:00:00]} Kh8 {[%emt 0:00:00]} 32. Kg2 {[%emt 0:00:00]} Qb7 {[%emt 0:00:
00]} 33. Qf3 {[%emt 0:00:00]} Kg8 {[%emt 0:00:00]} 34. Rh1 {[%emt 0:00:00]} Rf8
{[%emt 0:00:00]} 35. Qe4 {[%emt 0:00:00]} Qf7 {[%emt 0:00:00]} 36. f3 {[%emt 0:
00:00]} Qf5 {[%emt 0:04:28]} 1/2-1/2

[Event "Gibraltar Masters 18th"]
[Site "Gibraltar"]
[Date "2020.01.29"]
[Round "9.42"]
[White "Gordon, Stephen J"]
[Black "Sankalp, Gupta"]
[Result "1-0"]
[WhiteElo "2504"]
[BlackElo "2400"]
[PlyCount "81"]
[EventDate "2020.01.21"]
[EventType "swiss"]
[EventRounds "10"]
[EventCountry "GGB"]
[SourceTitle "BritBase"]
[Source "John Saunders"]
[SourceDate "2021.06.05"]
[SourceVersion "1"]
[SourceVersionDate "2021.06.05"]
[SourceQuality "1"]
[TimeControl "40/100:0"]
[WhiteClock "0:00:48"]
[BlackClock "0:11:19"]

1. c4 {[%emt 0:00:00]} Nf6 {[%emt 0:00:00]} 2. g3 {[%emt 0:00:00]} e6 {[%emt 0:
00:00]} 3. Bg2 {[%emt 0:00:00]} d5 {[%emt 0:00:00]} 4. Nf3 {[%emt 0:00:00]}
dxc4 {[%emt 0:00:00]} 5. Qa4+ {[%emt 0:00:00]} Nbd7 {[%emt 0:00:00]} 6. Qxc4 {
[%emt 0:00:00]} a6 {[%emt 0:00:00]} 7. Qc2 {[%emt 0:00:00]} c5 {[%emt 0:00:00]}
8. Nc3 {[%emt 0:00:00]} Ra7 {[%emt 0:00:00]} 9. O-O {[%emt 0:00:00]} b5 {
[%emt 0:00:00]} 10. a4 {[%emt 0:00:00]} b4 {[%emt 0:00:00]} 11. Nd1 {[%emt 0:
00:00]} Nd5 {[%emt 0:00:00]} 12. e4 {[%emt 0:00:00]} N5f6 {[%emt 0:00:00]} 13.
Ne3 {[%emt 0:00:00]} Bb7 {[%emt 0:00:00]} 14. d3 {[%emt 0:00:00]} Bd6 {[%emt 0:
00:00]} 15. Nc4 {[%emt 0:00:00]} Bc7 {[%emt 0:00:00]} 16. b3 {[%emt 0:00:00]}
O-O {[%emt 0:00:00]} 17. Bb2 {[%emt 0:00:00]} Qb8 {[%emt 0:00:00]} 18. Nfd2 {
[%emt 0:00:00]} e5 {[%emt 0:00:00]} 19. Ne3 {[%emt 0:00:00]} Rd8 {[%emt 0:00:
00]} 20. Ndc4 {[%emt 0:00:00]} Nf8 {[%emt 0:00:00]} 21. Bh3 {[%emt 0:00:00]}
Ne6 {[%emt 0:00:00]} 22. Bxe6 {[%emt 0:00:00]} fxe6 {[%emt 0:00:00]} 23. Qe2 {
[%emt 0:00:00]} Rf8 {[%emt 0:00:00]} 24. Ng4 {[%emt 0:00:00]} Nd7 {[%emt 0:00:
00]} 25. h4 {[%emt 0:00:00]} h6 {[%emt 0:00:00]} 26. f3 {[%emt 0:00:00]} Ra8 {
[%emt 0:00:00]} 27. Rf2 {[%emt 0:00:00]} h5 {[%emt 0:00:00]} 28. Nge3 {[%emt 0:
00:00]} Rf7 {[%emt 0:00:00]} 29. Raf1 {[%emt 0:00:00]} g6 {[%emt 0:00:00]} 30.
Ng2 {[%emt 0:00:00]} Qf8 {[%emt 0:00:00]} 31. f4 {[%emt 0:00:00]} exf4 {
[%emt 0:00:00]} 32. Nxf4 {[%emt 0:00:00]} Bxf4 {[%emt 0:00:00]} 33. gxf4 {
[%emt 0:00:00]} Qe7 {[%emt 0:00:00]} 34. Rg2 {[%emt 0:00:00]} Kh7 {[%emt 0:00:
00]} 35. Rg5 {[%emt 0:00:00]} Kh6 {[%emt 0:00:00]} 36. Rf2 {[%emt 0:00:00]} Rg8
{[%emt 0:00:00]} 37. Bc1 {[%emt 0:00:00]} Kh7 {[%emt 0:00:00]} 38. Rfg2 {
[%emt 0:00:00]} Nf6 {[%emt 0:00:00]} 39. Ne5 {[%emt 0:00:00]} Rfg7 {[%emt 0:00:
00]} 40. Bb2 {[%emt 0:00:00]} Kh6 {[%emt 0:00:00]} 41. Nxg6 {[%emt 0:02:32]}
1-0

[Event "Gibraltar Masters 18th"]
[Site "Gibraltar"]
[Date "2020.01.29"]
[Round "9.43"]
[White "Petrov, Martin"]
[Black "Salimova, Nurgyul"]
[Result "1/2-1/2"]
[WhiteElo "2504"]
[BlackElo "2372"]
[PlyCount "59"]
[EventDate "2020.01.21"]
[EventType "swiss"]
[EventRounds "10"]
[EventCountry "GGB"]
[SourceTitle "BritBase"]
[Source "John Saunders"]
[SourceDate "2021.06.05"]
[SourceVersion "1"]
[SourceVersionDate "2021.06.05"]
[SourceQuality "1"]
[TimeControl "40/100:0"]
[WhiteClock "0:16:40"]
[BlackClock "0:17:42"]

1. e4 {[%emt 0:00:00]} e6 {[%emt 0:00:00]} 2. d4 {[%emt 0:00:00]} d5 {[%emt 0:
00:00]} 3. Nc3 {[%emt 0:00:00]} Bb4 {[%emt 0:00:00]} 4. exd5 {[%emt 0:00:00]}
exd5 {[%emt 0:00:00]} 5. Bd3 {[%emt 0:00:00]} Nf6 {[%emt 0:00:00]} 6. Bg5 {
[%emt 0:00:00]} O-O {[%emt 0:00:00]} 7. Nge2 {[%emt 0:00:00]} c6 {[%emt 0:00:
00]} 8. O-O {[%emt 0:00:00]} h6 {[%emt 0:00:00]} 9. Bh4 {[%emt 0:00:00]} Nbd7 {
[%emt 0:00:00]} 10. Qc1 {[%emt 0:00:00]} Re8 {[%emt 0:00:00]} 11. Ng3 {[%emt 0:
00:00]} Nf8 {[%emt 0:00:00]} 12. Nh5 {[%emt 0:00:00]} Be7 {[%emt 0:00:00]} 13.
Nxf6+ {[%emt 0:00:00]} Bxf6 {[%emt 0:00:00]} 14. Bxf6 {[%emt 0:00:00]} Qxf6 {
[%emt 0:00:00]} 15. Qd2 {[%emt 0:00:00]} Bg4 {[%emt 0:00:00]} 16. h3 {[%emt 0:
00:00]} Bd7 {[%emt 0:00:00]} 17. Ne2 {[%emt 0:00:00]} Bf5 {[%emt 0:00:00]} 18.
Bxf5 {[%emt 0:00:00]} Qxf5 {[%emt 0:00:00]} 19. Ng3 {[%emt 0:00:00]} Qd7 {
[%emt 0:00:00]} 20. Rae1 {[%emt 0:00:00]} Rxe1 {[%emt 0:00:00]} 21. Rxe1 {
[%emt 0:00:00]} Re8 {[%emt 0:00:00]} 22. c3 {[%emt 0:00:00]} Ng6 {[%emt 0:00:
00]} 23. Rxe8+ {[%emt 0:00:00]} Qxe8 {[%emt 0:00:00]} 24. Qe3 {[%emt 0:00:00]}
Qe6 {[%emt 0:00:00]} 25. Kf1 {[%emt 0:00:00]} Kf8 {[%emt 0:00:00]} 26. Qf3 {
[%emt 0:00:00]} Nh4 {[%emt 0:00:00]} 27. Qg4 {[%emt 0:00:00]} g5 {[%emt 0:00:
00]} 28. Qxe6 {[%emt 0:00:00]} fxe6 {[%emt 0:00:00]} 29. Ne2 {[%emt 0:00:00]}
Ng6 {[%emt 0:00:00]} 30. g3 {[%emt 0:00:00]} 1/2-1/2